El hombre contra el animal / (Record no. 8358)

000 -CABECERA
fixed length control field 00941nam a22002177a 4500
003 - IDENTIFICADOR DEL NÚMERO DE CONTROL
control field AR-CdUCM
008 - DATOS DE LONGITUD FIJA--INFORMACIÓN GENERAL
fixed length control field 190325b ||||| |||| 00| 0 spa d
040 ## - FUENTE DE LA CATALOGACIÓN
Agencia/entidad que catalogó originalmente la obra MUNICIPALIDAD PROVINCIAL DEL CUSCO
Entidad que transcribió la catalogación BIBLIOTECA MUNICIPAL DEL CUSCO
082 ## - NÚMERO DE LA CLASIFICACIÓN DECIMAL DEWEY
No. de Clasificación 591 /
Notacion interna F442
100 ## - ENTRADA PRINCIPAL--NOMBRE DE PERSONA
Nombre Personal Fiasson, Raymond
245 ## - MENCIÓN DE TÍTULO
Título El hombre contra el animal /
260 ## - PUBLICACIÓN, DISTRIBUCIÓN, ETC.
Lugar de publicación, distribución, etc. España :
Nombre de la editorial, distribuidor, etc. oikos-tau ,
Fecha de publicación, distribución, etc. 1971.
300 ## - DESCRIPCIÓN FÍSICA
Nº de Páginas Extensión 125 páginas ;
Dimensiones 17.6 cm.
440 ## - MENCIÓN DE SERIE/PUNTO DE ACCESO ADICIONAL--TÍTULO
Título ¿Que sé?
Número de la parte/sección de una obra 50
9 (RLIN) 23469
505 ## - NOTA DE CONTENIDO CON FORMATO
Nota de contenido formateada Contenido : La desaparicion de las especies animales -- Causas anturales de la desaparicieion de la fauna salvaje -- Responsabilidades del gomb re en la desaparicion de la fauna salvaje --El animal salvaje tiene derecho a la vida -- ¿Como preservar al animal salvaje? -- Conclusion...
650 ## - PUNTO DE ACCESO ADICIONAL DE MATERIA--TÉRMINO DE MATERIA
Descriptor Extincion de Fauna Animal
9 (RLIN) 23470
650 ## - PUNTO DE ACCESO ADICIONAL DE MATERIA--TÉRMINO DE MATERIA
Descriptor Preservacion de Especies
9 (RLIN) 23471
650 ## - PUNTO DE ACCESO ADICIONAL DE MATERIA--TÉRMINO DE MATERIA
Descriptor Conservacion Zoologica
9 (RLIN) 23472
942 ## - ELEMENTOS DE PUNTO DE ACCESO ADICIONAL (KOHA)
Fuente de clasificación
Tipo de item Libros-BMC
945 ## - PROCESAMIENTO DE INFORMACIÓN LOCAL (OCLC)
Catalogador rtm
Holdings
Estado de retiro (separado) Fuente de clasificación o esquema de estanterías Estado dañado Ubicación Sala donde se ubica Nombre de la colección Fecha de adquisición o compra Costo, precio normal en soles Signatura topográfica Código de Barras Última vez visto (Koha) Tipo de ítem (Koha)
No     Sala Ciencias Sala Ciencias Book Cart 2019-03-25 10.00 591 / F442 SC0000001118 2019-03-25 Libros-BMC

Powered by Koha